POVODEŇ 1965 NA PRAVEJ STRANE DUNAJA A JEJ DÔSLEDKY

Bibliographic Details
Main Author: Hambek, Břetislav (Author)
Format: Article
Language:Slovak

MARC

LEADER 00000naa a2200000uu 4500
001 vtls011085131
003 SK-MaSNL
005 20260302105129.0
008 210905|1995 xo |||||||||||||||||slo|
015 |a SNBRA 
035 |a (urnnbn)urn:nbn:sk:snk:ar-a0clrs 
035 |a (uuid)558c82a2-c1f2-4359-bb0e-ccd0bc2bb9a5 
035 |a urn:nbn:sk:snk-aavrnp 
040 |a SNKBUCL  |b slo  |c SNKBUCL  |e AACR2 
041 0 |a slo 
044 |a xo  |c SK 
100 1 |a Hambek, Břetislav  |4 aut  |9 771933 
245 1 0 |a POVODEŇ 1965 NA PRAVEJ STRANE DUNAJA A JEJ DÔSLEDKY  |c Břetislav HAMBEK 
773 0 |t Dunaj - tepna Európy  |d Bratislava : T.R.T.MDIUM, 1995  |g S. 137-139 
958 |a OND 
958 |a article12 
958 |a chapter 
999 |c 1237471  |d 1239401